| 000 | 00430nam a2200145Ia 4500 | ||
|---|---|---|---|
| 005 | 20260312151443.0 | ||
| 022 | _a1043-4046 | ||
| 050 | _aQP 39. A38/ | ||
| 245 | 0 | _aAdvances in physiology education | |
| 250 | _aVol. 47, No. 2 | ||
| 260 |
_bAmerican Physiological Society _aBethesda, Maryland, United State _c2023 |
||
| 300 | _a352 p. :ill. ; 28 cm. | ||
| 650 | _aPhysiology--Study and teaching--Periodicals. | ||
| 942 |
_2lcc _cSR |
||
| 999 |
_c38033 _d38033 |
||